1175 1694 1338 1441 1100 1880 1939 1430 1974 1667 1888 1906 1960 1154 1674 1376 1372 1060 1492 1470 1985 1221 1408 1189 1203 1570 1927 1288 1995 1817 1761 1516 1262 1844 1079 1346 1664 1987 1219 1454 1032 1513 1499 1846 1243 1161 1854 1137 1255 1871 1294 1397 1786 1030 1559 1427 1509 1550 1741 1501 1057 1989 1341 1027 1106 1930 1116 1360 1711 1907 1876 1861 1274 1392 1807 2000 1557 1775 1114 1493 1702 1623 1750 1721 1373 1730 1962 1634 1001 1250 1920 1672 1238 1374 1249 1574 1290 1770 1179 BCNSPRNW ULIB Ver.6.0+V

เปลี่ยนเป็นภาษาไทย

Change to English
 แสดงรายละเอียดบรรณานุกรม
  กลับหน้าหลัก

Brief Record : Get Marc (ISO 2709) : E-mail record : QR code < ปิดหน้าต่าง
LEADER : 00000nam 2200000uu 4500
001    13399111005
003     ULIB
008    110614s2009||||th 000 0 eng d
020    9781405336581
060 04 AE6^bS7T 2009
100 1  Star, Fleur
245 10 The new children s encyclopedia /^cStar, Fleur
250    1th ed.
260    London. :^bDorling Kindersley,^cc2009.
300    304 p. :^bill. (chiefly col.) .
650  2 Children encyclopedias.
945    ^p1200^l0^i029038
995    Tossapron
999 ^a ใช้งานได้ทุกระบบ
รายการนี้ยังไม่มีแท็ก
คุณยังไม่ได้ล็อกอิน คุณสามารถมีกิจกรรมร่วมกับเว็บไซต์ได้ แต่ต้องล็อกอินก่อน ::
  ล็อกอิน

รายการสื่อสารสนเทศ

ลำดับที่ ประเภท เลขเรียก/บาร์โค้ด สถานที่ สถานะ
- ไม่พบข้อมูล -

BibComment


ยังไม่เคยถูกคอมเมนท์

คอมเมนท์ทรัพยากรรายการนี้
  คอมเมนท์: The new children ..


 Copyright 2026. Bcnsprnw @Library